000 00617nam a2200229Ia 4500
003 BUBTL
008 151213s9999 xx 000 0 und d
020 _a9780194422581
082 _a418/ D736r/ 2007
100 _aDornyei, Zoltan
_94764
245 _aResearch Methods in Applied linguistics :
_cZoltan Dornyei
250 _a1st Edn
260 _aNew York
_bOxford
_cc2007
300 _a336p. :
_b23 cm
500 _aIncludes Index
650 _aEnglish Language
650 _a
700 _aZoltan Dornyei
_94765
856 _k0
_l0
_yDownload
942 _2ddc
_cBK
999 _c4898
_d4898